000 00629nam a22001817a 4500
005 20251108163354.0
008 250721s1992 xx 000 0 ara d
082 1 4 _a210.4329/احم
100 1 _aالعوضي، أحمد
245 1 0 _aحكم المعارضه و إقامة الأحزاب السياسية في الإسلام /
264 1 _aعمان :
_bدار النفائس،
_c1992.
300 _a82ص.
490 0 _aالمعارضه السياسيه وأحكامها في الشريعه الأسلاميه ؛2
650 1 7 _aالإسلام
650 1 7 _aالأحزاب السياسية
942 _2ddc
_cBK
999 _c992
_d992